| 000 | 00607nam a22001577a 4500 | ||
|---|---|---|---|
| 003 | OSt | ||
| 005 | 20151101161930.0 | ||
| 008 | 151101b xxu||||| |||| 00| 0 eng d | ||
| 040 | _cRUA | ||
| 082 | _aFOR ហង់ជួន 1991 B116 Or.1 | ||
| 100 |
_93161 _aហង់ជួន ចំរុង |
||
| 245 | _aបញ្្ហផ្គត់ផ្គងអុសដល់សិប្បកម្ម អិដ្ឋ ក្បឿង និង ឡចំហុយថ្នាំជក់នៅខេត្តកណ្ដាល | ||
| 260 |
_aPhnom Penh _bRUA _c1991 |
||
| 300 |
_a43p. _bill. _c29cm. |
||
| 942 |
_2ddc _cFOR |
||
| 999 |
_c2949 _d2949 |
||